000 00197 a2200097 4500
001 19814
100 _aFaft, D R
245 _aCriminology
260 _a
_bIliffe Book Ltd
_c
090 _c14438
_d14438
942 _aNUST-CAE
_cM
_c4934
999 _c254887
_d254887